| 000 | 00547nam a22001817a 4500 | ||
|---|---|---|---|
| 003 | CEME | ||
| 005 | 20210628204144.0 | ||
| 008 | 210112b xxu||||| |||| 00| 0 eng d | ||
| 020 | _a9788131501719 | ||
| 040 | _cceme | ||
| 082 | _a621.3822 SCH | ||
| 100 |
_aSchilling, Robert.J , Harris, Sandra.L _964417 |
||
| 245 | _aFundamentals of digital signal processing , using matlab | ||
| 260 |
_aINDIA _bCENGAGE LEARNING _c2005 |
||
| 300 | _aXI, 786P | ||
| 650 |
_aDIGITAL SIGNAL PROCESSING-USING MATLAB. DSP USING MATLAB. _964418 |
||
| 942 |
_cBK _2ddc |
||
| 999 |
_c576429 _d576429 |
||